Biggest city in Each Country - Statistics

General Stats
  • This quiz has been taken 46 times
    26 since last reset
  • The average score is 114 of 179
Answer Stats
Country City % Correct
Australia Sydney
100%
Germany Berlin
91%
Belgium Brussells
91%
Argentina Buenos Aires
91%
Portugal Lisbon
91%
United Kingdom London
91%
Mexico Mexico City
91%
France Paris
91%
Austria Vienna
91%
Algeria Algiers
87%
Egypt Cairo
87%
Ireland Dublin
87%
Turkey Istanbul
87%
Ukraine Kyiv
87%
Luxembourg Luxembourg
87%
Belarus Minsk
87%
United States New York City
87%
Italy Rome
87%
South Korea Seoul
87%
Singapore Singapore
87%
Sweden Stockholm
87%
Japan Tokyo
87%
Andorra Andorra La Vella
83%
Iraq Baghdad
83%
Thailand Bangkok
83%
Hungary Budapest
83%
India Delhi
83%
Bangladesh Dhaka
83%
United Arab Emirates Dubai
83%
Israel Jerusalem
83%
Spain Madrid
83%
Monaco Monaco
83%
Russia Moscow
83%
Iceland Reykjavík
83%
Bulgaria Sofia
83%
Poland Warsaw
83%
Netherlands Amsterdam
78%
Greece Athens
78%
Azerbaijan Baku
78%
Denmark Copenhagen
78%
Syria Damascus
78%
Finland Helsinki
78%
Indonesia Jakarta
78%
South Africa Johannesburg
78%
Afghanistan Kabul
78%
Jamaica Kingston
78%
Saint Vincent and the Grenadines Kingstown
78%
Kuwait Kuwait City
78%
Nigeria Lagos
78%
Peru Lima
78%
Kenya Nairobi
78%
Latvia Riga
78%
Saudi Arabia Riyadh
78%
Brazil Sao Paulo
78%
Iran Tehran
78%
Albania Tirana
78%
Tunisia Tunis
78%
Switzerland Zürich
78%
Venezuela Caracas
74%
Vietnam Ho Chi Minh City
74%
Democratic Republic of the Congo Kinshasa
74%
Malaysia Kuala Lumpur
74%
Norway Oslo
74%
Haiti Port-au-Prince
74%
Czechia Prague
74%
North Korea Pyongyang
74%
São Tomé and Príncipe São Tomé
74%
Uzbekistan Tashkent
74%
Lithuania Vilnius
74%
Paraguay Asunción
70%
New Zealand Auckland
70%
Lebanon Beirut
70%
Serbia Belgrade
70%
Guinea Bissau Bissau
70%
Romania Bucharest
70%
Sri Lanka Colombo
70%
Senegal Dakar
70%
Djibouti Djibouti
70%
Guatemala Guatemala City
70%
Nepal Kathmandu
70%
Slovenia Ljubljana
70%
Angola Luanda
70%
Uruguay Montevideo
70%
Panama Panama City
70%
Antigua & Barbuda Saint John's
70%
Bosnia & Herzegovina Sarajevo
70%
Estonia Tallinn
70%
Libya Tripoli
70%
Ethiopia Addis Ababa
65%
Jordan Amman
65%
Morocco Casablanca
65%
Timor-Leste Dili
65%
Qatar Doha
65%
Liberia Monrovia
65%
Bahamas Nassau
65%
Cyprus Nicosia
65%
El Salvador San Salvador
65%
Croatia Zagreb
65%
Ghana Accra
61%
Kyrgyzstan Bishkek
61%
Slovakia Bratislava
61%
Guyana Georgetown
61%
Zimbabwe Harare
61%
Cuba Havana
61%
Rwanda Kigali
61%
Maldives Malé
61%
Bahrain Manama
61%
Mozambique Maputo
61%
Oman Muscat
61%
Papua New Guinea Port Moresby
61%
Yemen Sana'a
61%
Dominican Republic Santo Domingo
61%
Bhutan Thimphu
61%
Mongolia Ulaanbaatar
61%
Namibia Windhoek
61%
Armenia Yerevan
61%
Moldova Chișinău
57%
Sierra Leone Freetown
57%
South Sudan Juba
57%
Uganda Kampala
57%
Sudan Khartoum
57%
Gabon Libreville
57%
Togo Lomé
57%
Nicaragua Managua
57%
Somolia Mogadishu
57%
Niger Niamey
57%
Trinidad and Tobago Port of Spain
57%
North Macedonia Skopje
57%
Madagascar Antananarivo
52%
Samoa Apia
52%
Turkmenistan Ashgabat
52%
Brunei Bandar Seri Begawan
52%
Saint Kitts and Nevis Basseterre
52%
Saint Lucia Castries
52%
Guinea Conakry
52%
Botswana Gaborone
52%
Pakistan Karachi
52%
Suriname Paramaribo
52%
Mauritius Port Louis
52%
Grenada St. George's
52%
Georgia Tbilisi
52%
Seychelles Victoria
52%
Laos Vientiane
52%
Eritrea Asmara
48%
Mali Bamako
48%
Belize Belize City
48%
Tajikistan Dushanbe
48%
Zambia Lusaka
48%
Lesotho Maseru
48%
Burkina Faso Ouagadougou
48%
Solomon Islands Honiara
43%
Malawi Lilongwe
43%
Mauritania Nouakchott
43%
Montenergo Podgorica
43%
Dominica Roseau
43%
Honduras Tegucigalpa
43%
Myanmar Yangon
43%
Cote d'Ivoire Abidjan
39%
Kazakhstan Almaty
39%
Burundi Bujumbura
39%
Tuvalu Funafuti
39%
Ecuador Guayaquil
39%
Marshall Islands Majuro
39%
Tonga Nuku'alofa
39%
Vanuatu Port Vila
39%
Philippines Quezon City
39%
Benin Cotonou
35%
Liechtenstein Schaan
35%
Nauru Yaren
30%
Bolivia Santa Cruz De La Sierra
17%
Palau Koror
13%
Malta St Paul's Bay
13%
Equatorial Guinea Bata
9%
Gambia Serrekunda
9%
Mirconesia Weno
9%
Kiribati Betio
4%
Eswatini Manzini
4%
Fiji Nasinu
4%
San Marino Domagnano
0%
No matching quizzes found
Score Distribution
Percent of People with Each Score
Percentile by Number Answered
Your Score History
You have not taken this quiz since the last reset